[Event "WCO 2016"]
[Site "?"]
[Date "2016.09.13"]
[Round "11"]
[Board "13"]
[WhiteID "15700119"]
[White "Gebregziabher Brehane Gebre Mic"]
[BlackID "9200525"]
[Black "Al Moshaiti Khalil"]
[Result "1-0"]
[BlackElo "2053"]
[WhiteElo "1933"]
[LiveChessVersion "1.4.8"]

1. d4 {[%clk 1:30:52]} Nf6 {[%clk 1:30:44]} 2. Nf3 {[%clk 1:30:57]} e6
{[%clk 1:30:50]} 3. Bg5 {[%clk 1:31:07]} Be7 {[%clk 1:30:40]} 4. Nbd2
{[%clk 1:31:11]} d5 {[%clk 1:29:10]} 5. e3 {[%clk 1:31:16]} b6 {[%clk 1:29:28]}
6. c4 {[%clk 1:31:27]} Bb7 {[%clk 1:29:05]} 7. cxd5 {[%clk 1:31:30]} exd5
{[%clk 1:27:29]} 8. Bd3 {[%clk 1:30:58]} O-O {[%clk 1:26:44]} 9. Qc2
{[%clk 1:30:59]} Nbd7 {[%clk 1:24:03]} 10. Ne5 {[%clk 1:25:31]} h6
{[%clk 1:14:13]} 11. Nxd7 {[%clk 1:24:33]} Qxd7 {[%clk 1:11:15]} 12. Bxf6
{[%clk 1:24:46]} Bxf6 {[%clk 1:11:27]} 13. Rc1 {[%clk 1:24:45]} c6
{[%clk 1:04:57]} 14. O-O {[%clk 1:24:42]} g6 {[%clk 1:03:53]} 15. Nf3
{[%clk 1:24:42]} Rfc8 {[%clk 0:56:39]} 16. b4 {[%clk 1:24:57]} Qe7
{[%clk 0:51:48]} 17. Qb3 {[%clk 1:22:34]} h5 {[%clk 0:50:28]} 18. Rfe1
{[%clk 1:22:53]} a5 {[%clk 0:45:47]} 19. a3 {[%clk 1:22:30]} axb4
{[%clk 0:41:47]} 20. axb4 {[%clk 1:22:40]} Qd7 {[%clk 0:35:48]} 21. e4
{[%clk 1:22:46]} Bg7 {[%clk 0:25:29]} 22. e5 {[%clk 1:22:28]} Bh6
{[%clk 0:23:07]} 23. Rc3 {[%clk 1:20:41]} Qe6 {[%clk 0:22:00]} 24. Qc2
{[%clk 1:15:30]} Ra7 {[%clk 0:16:14]} 25. h3 {[%clk 1:11:30]} Rca8
{[%clk 0:15:17]} 26. Rb3 {[%clk 1:11:28]} Ra2 {[%clk 0:12:13]} 27. Rb2
{[%clk 1:11:39]} R2a3 {[%clk 0:12:16]} 28. Reb1 {[%clk 1:09:15]} b5
{[%clk 0:08:48]} 29. Nd2 {[%clk 1:07:36]} R3a4 {[%clk 0:06:36]} 30. Qc3
{[%clk 1:06:19]} Qe7 {[%clk 0:06:01]} 31. Bc2 {[%clk 1:05:55]} Bxd2
{[%clk 0:03:51]} 32. Qxd2 {[%clk 1:03:34]} Ra1 {[%clk 0:03:44]} 33. f4
{[%clk 0:58:52]} Bc8 {[%clk 0:02:46]} 34. Kh2 {[%clk 0:58:08]} Be6
{[%clk 0:02:20]} 35. Qe1 {[%clk 0:57:36]} R1a2 {[%clk 0:02:15]} 36. Qf2
{[%clk 0:54:12]} Rxb2 {[%clk 0:02:13]} 37. Rxb2 {[%clk 0:54:31]} Qd7
{[%clk 0:02:20]} 38. Qg3 {[%clk 0:54:39]} Bf5 {[%clk 0:02:18]} 39. Bd1
{[%clk 0:54:21]} Kh7 {[%clk 0:01:56]} 40. Qg5 {[%clk 1:24:42]} Ra1
{[%clk 0:31:18]} 41. Bf3 {[%clk 1:23:36]} Be4 {[%clk 0:26:09]} 42. Rb3
{[%clk 1:15:54]} Bxf3 {[%clk 0:22:16]} 43. Rxf3 Qf5 {[%clk 0:20:50]} 44. Qg3
{[%clk 1:05:28]} Rb1 {[%clk 0:17:30]} 45. Rc3 {[%clk 1:03:46]} Rf1
{[%clk 0:13:48]} 46. Rf3 {[%clk 0:47:05]} Rxf3 {[%clk 0:12:17]} 47. Qxf3
{[%clk 0:46:11]} Qc2 {[%clk 0:10:02]} 48. f5 {[%clk 0:43:38]} Qxf5
{[%clk 0:07:28]} 49. Qxf5 {[%clk 0:43:32]} gxf5 {[%clk 0:07:57]} 50. Kg3
{[%clk 0:43:56]} Kg6 {[%clk 0:07:59]} 51. h4 {[%clk 0:43:18]} f6 {[%clk 0:07:20]}
52. e6 {[%clk 0:43:45]} Kg7 {[%clk 0:06:41]} 53. Kf4 {[%clk 0:42:09]} Kf8
{[%clk 0:04:23]} 54. Kxf5 {[%clk 0:42:24]} Ke7 {[%clk 0:04:52]} 55. g3
{[%clk 0:42:38]} c5 {[%clk 0:04:54]} 56. dxc5 {[%clk 0:43:03]} d4
{[%clk 0:05:22]} 57. Ke4 {[%clk 0:43:19]} Kxe6 {[%clk 0:05:41]} 58. Kxd4
{[%clk 0:43:42]} f5 {[%clk 0:06:00]} 59. Ke3 {[%clk 0:44:09]} Ke5
{[%clk 0:06:18]} 60. Kf3 {[%clk 0:44:37]} Kd5 {[%clk 0:04:37]} 61. Kf4
{[%clk 0:45:01]} 1-0

[Event "WCO 2016"]
[Site "?"]
[Date "2016.09.13"]
[Round "11"]
[Board "14"]
[WhiteID "9202110"]
[White "Salem Mahjob"]
[BlackID "15700631"]
[Black "Adebo Muhaba Detamo"]
[Result "1-0"]
[BlackElo "1944"]
[WhiteElo "2092"]
[LiveChessVersion "1.4.8"]

1. d4 {[%clk 1:30:56]} Nf6 {[%clk 1:30:38]} 2. c4 {[%clk 1:31:17]} e6
{[%clk 1:30:59]} 3. Nc3 {[%clk 1:31:36]} d5 {[%clk 1:31:03]} 4. e3
{[%clk 1:31:08]} c6 {[%clk 1:30:56]} 5. Bd3 {[%clk 1:31:02]} Nbd7
{[%clk 1:30:33]} 6. Nf3 {[%clk 1:30:51]} dxc4 {[%clk 1:27:04]} 7. Bxc4
{[%clk 1:31:18]} b5 {[%clk 1:27:09]} 8. Bd3 {[%clk 1:30:57]} Bb7 {[%clk 1:27:21]}
9. O-O {[%clk 1:29:35]} a6 {[%clk 1:26:20]} 10. a3 {[%clk 1:10:05]} c5
{[%clk 1:26:00]} 11. Re1 {[%clk 1:08:22]} cxd4 {[%clk 1:23:41]} 12. exd4
{[%clk 1:08:09]} Be7 {[%clk 1:22:23]} 13. Bg5 {[%clk 1:04:24]} Nd5
{[%clk 1:17:30]} 14. Ne4 {[%clk 0:57:03]} N5f6 {[%clk 1:07:43]} 15. Nxf6+
{[%clk 0:55:35]} Bxf6 {[%clk 1:07:11]} 16. Bxf6 {[%clk 0:54:12]} Qxf6
{[%clk 1:02:53]} 17. Ne5 {[%clk 0:49:38]} Nxe5 {[%clk 1:02:03]} 18. dxe5
{[%clk 0:41:19]} Qg5 {[%clk 1:02:07]} 19. f3 {[%clk 0:36:50]} O-O
{[%clk 1:02:04]} 20. Rc1 {[%clk 0:33:30]} Rac8 {[%clk 0:59:55]} 21. Rxc8
{[%clk 0:30:53]} Rxc8 {[%clk 1:00:14]} 22. Qe2 {[%clk 0:29:59]} g6
{[%clk 0:57:04]} 23. Qe3 {[%clk 0:28:28]} Qh4 {[%clk 0:51:39]} 24. Qf2
{[%clk 0:26:59]} Qa4 {[%clk 0:48:54]} 25. g4 {[%clk 0:20:56]} Qf4
{[%clk 0:46:10]} 26. Be4 {[%clk 0:19:14]} Bxe4 {[%clk 0:38:43]} 27. Rxe4
{[%clk 0:19:42]} Rc1+ {[%clk 0:38:34]} 28. Kg2 {[%clk 0:19:52]} Qg5
{[%clk 0:38:31]} 29. h4 {[%clk 0:19:26]} Qd8 {[%clk 0:38:17]} 30. Re1
{[%clk 0:12:43]} Rc4 {[%clk 0:36:18]} 31. Re2 {[%clk 0:11:03]} Qd1
{[%clk 0:35:54]} 32. Rd2 {[%clk 0:10:14]} Qc1 {[%clk 0:35:33]} 33. h5
{[%clk 0:09:56]} Kg7 {[%clk 0:31:47]} 34. h6+ {[%clk 0:05:21]} Kf8
{[%clk 0:32:04]} 35. Qe2 {[%clk 0:04:49]} Rc8 {[%clk 0:29:32]} 36. Qd3
{[%clk 0:04:52]} Qc7 37. Qd4 {[%clk 0:02:57]} Ke7 {[%clk 0:20:21]} 38. Qf4
{[%clk 0:01:55]} Rg8 {[%clk 0:12:10]} 39. Qb4+ {[%clk 0:01:38]} Ke8
{[%clk 0:11:33]} 40. Qe4 {[%clk 0:32:04]} Ke7 {[%clk 0:38:53]} 41. Qb4+
{[%clk 0:32:33]} Ke8 {[%clk 0:38:53]} 42. Qd6 {[%clk 0:20:49]} Qxd6
{[%clk 0:33:55]} 43. Rxd6 {[%clk 0:21:17]} Ke7 {[%clk 0:34:02]} 44. Rxa6
{[%clk 0:21:05]} Rd8 {[%clk 0:31:23]} 45. Ra7+ {[%clk 0:20:11]} Ke8
{[%clk 0:31:11]} 46. Kg3 {[%clk 0:19:47]} g5 {[%clk 0:29:23]} 47. Rb7
{[%clk 0:18:06]} Rd5 {[%clk 0:29:01]} 48. Rb8+ {[%clk 0:16:58]} Ke7
{[%clk 0:28:31]} 49. Rh8 {[%clk 0:13:42]} Rxe5 {[%clk 0:28:43]} 50. Rxh7
{[%clk 0:14:05]} Kf6 {[%clk 0:29:11]} 51. Rg7 {[%clk 0:13:27]} Re1
{[%clk 0:25:46]} 52. Rg8 {[%clk 0:12:54]} Rh1 {[%clk 0:26:14]} 53. Rb8
{[%clk 0:12:47]} Rxh6 {[%clk 0:25:15]} 54. Rxb5 {[%clk 0:13:15]} Rh1
{[%clk 0:25:20]} 55. a4 {[%clk 0:12:58]} Ke7 {[%clk 0:25:41]} 56. Rxg5
{[%clk 0:12:49]} f5 {[%clk 0:24:26]} 57. Rg7+ {[%clk 0:11:17]} Kd6
{[%clk 0:24:36]} 58. Rb7 {[%clk 0:11:14]} Kc6 {[%clk 0:24:40]} 59. Rb5
{[%clk 0:11:20]} Rg1+ {[%clk 0:23:48]} 60. Kf2 {[%clk 0:10:34]} Ra1
{[%clk 0:24:16]} 61. b3 {[%clk 0:10:34]} f4 {[%clk 0:24:03]} 62. Ke2
{[%clk 0:06:51]} Rb1 {[%clk 0:22:19]} 63. Kd3 {[%clk 0:06:13]} Re1
{[%clk 0:22:09]} 64. Kd4 {[%clk 0:04:14]} Re3 {[%clk 0:21:35]} 65. Re5
{[%clk 0:04:20]} Rxb3 {[%clk 0:20:57]} 66. Rxe6+ {[%clk 0:04:48]} Kd7
{[%clk 0:21:26]} 67. Re4 {[%clk 0:03:51]} Rxf3 {[%clk 0:21:54]} 68. Ke5
{[%clk 0:04:19]} Ke7 {[%clk 0:19:48]} 69. Rxf4 {[%clk 0:04:40]} Ra3
{[%clk 0:20:09]} 70. g5 {[%clk 0:04:26]} Ra1 {[%clk 0:19:46]} 71. g6
{[%clk 0:04:18]} Rg1 {[%clk 0:19:30]} 72. Kf5 {[%clk 0:03:33]} Kf8
{[%clk 0:19:58]} 73. Kf6 {[%clk 0:03:32]} Kg8 {[%clk 0:20:26]} 74. Rf5
{[%clk 0:03:52]} Ra1 {[%clk 0:20:01]} 75. a5 {[%clk 0:04:14]} Ra2
{[%clk 0:20:28]} 76. Rg5 {[%clk 0:03:47]} Ra1 {[%clk 0:20:47]} 77. Ke6
{[%clk 0:04:10]} Kg7 {[%clk 0:21:14]} 78. Kd6 {[%clk 0:04:39]} Rc1
{[%clk 0:20:59]} 79. Rc5 {[%clk 0:03:45]} Ra1 {[%clk 0:20:30]} 80. Kc6
{[%clk 0:03:44]} Kxg6 {[%clk 0:20:35]} 81. Kb6 {[%clk 0:03:52]} Kf6
{[%clk 0:20:31]} 82. Rb5 {[%clk 0:03:17]} Ke6 {[%clk 0:20:31]} 83. a6
{[%clk 0:03:38]} Kd7 {[%clk 0:20:54]} 84. Kb7 {[%clk 0:03:22]} Rc1
{[%clk 0:20:01]} 85. a7 {[%clk 0:02:57]} Rc7+ {[%clk 0:20:22]} 86. Ka6
{[%clk 0:03:03]} Rc6+ {[%clk 0:18:47]} 87. Rb6 {[%clk 0:03:01]} Rc8
{[%clk 0:19:04]} 88. Rb7+ {[%clk 0:02:40]} Kd8 {[%clk 0:18:21]} 89. Rb8
{[%clk 0:03:00]} Kc7 {[%clk 0:18:50]} 90. Rxc8+ {[%clk 0:03:27]} 1-0

[Event "WCO 2016"]
[Site "?"]
[Date "2016.09.13"]
[Round "11"]
[Board "15"]
[WhiteID "15700704"]
[White "Teklay Teshager "]
[BlackID "9200711"]
[Black "Al Sori Mohamed"]
[Result "0-1"]
[BlackElo "2036"]
[WhiteElo "1868"]
[LiveChessVersion "1.4.8"]

1. d4 {[%clk 1:30:47]} Nf6 {[%clk 1:30:49]} 2. c4 {[%clk 1:30:57]} e6
{[%clk 1:30:15]} 3. Nf3 {[%clk 1:31:18]} b6 {[%clk 1:30:38]} 4. e3
{[%clk 1:30:56]} Bb7 {[%clk 1:31:03]} 5. Be2 {[%clk 1:31:15]} Be7
{[%clk 1:31:20]} 6. O-O {[%clk 1:31:33]} O-O {[%clk 1:31:45]} 7. Nc3
{[%clk 1:31:33]} d5 {[%clk 1:28:51]} 8. b3 {[%clk 1:27:43]} c5 {[%clk 1:28:49]}
9. Bb2 {[%clk 1:27:59]} Nc6 {[%clk 1:28:24]} 10. cxd5 {[%clk 1:26:42]} Nxd5
{[%clk 1:26:07]} 11. Nxd5 {[%clk 1:22:31]} exd5 {[%clk 1:23:51]} 12. Rc1
{[%clk 1:22:25]} Nb4 {[%clk 1:17:20]} 13. a3 {[%clk 1:20:12]} Na6
{[%clk 1:17:44]} 14. Qd2 {[%clk 1:14:55]} Bd6 {[%clk 1:05:11]} 15. Rfd1
{[%clk 1:15:13]} Nc7 {[%clk 1:05:16]} 16. a4 {[%clk 1:13:31]} Ne6
{[%clk 1:03:34]} 17. h3 {[%clk 1:12:35]} h6 {[%clk 1:03:47]} 18. Bd3
{[%clk 1:11:32]} Rc8 {[%clk 1:02:34]} 19. Qe2 {[%clk 1:02:08]} Rc7
{[%clk 0:58:27]} 20. g3 {[%clk 0:51:15]} Qc8 {[%clk 0:50:46]} 21. Kh2
{[%clk 0:48:59]} c4 {[%clk 0:47:58]} 22. bxc4 {[%clk 0:46:54]} dxc4
{[%clk 0:48:27]} 23. Bf5 {[%clk 0:47:05]} Qa8 {[%clk 0:34:31]} 24. Nd2
{[%clk 0:43:20]} Ng5 {[%clk 0:34:23]} 25. Bg4 {[%clk 0:35:15]} f5
{[%clk 0:29:34]} 26. Bh5 g6 27. h4 {[%clk 0:33:12]} gxh5 {[%clk 0:29:11]} 28.
hxg5 {[%clk 0:33:29]} hxg5 {[%clk 0:29:38]} 29. d5 {[%clk 0:20:54]} Bxd5
{[%clk 0:21:19]} 30. Nxc4 {[%clk 0:20:49]} Bf3 {[%clk 0:21:10]} 31. Qd3
{[%clk 0:05:05]} Be7 {[%clk 0:20:48]} 32. Ne5 Rxc1 {[%clk 0:16:00]} 33. Rxc1
{[%clk 0:04:37]} Qd5 {[%clk 0:10:37]} 34. Qxd5+ {[%clk 0:02:04]} Bxd5
{[%clk 0:11:06]} 35. Ng6 {[%clk 0:02:33]} Re8 {[%clk 0:10:21]} 36. Rc7
{[%clk 0:02:46]} Kf7 {[%clk 0:10:24]} 37. Nh8+ {[%clk 0:01:26]} Ke6
{[%clk 0:08:54]} 38. Ng6 {[%clk 0:00:49]} a6 {[%clk 0:03:45]} 39. f4
{[%clk 0:01:11]} Bd6 {[%clk 0:03:20]} 40. Rh7 {[%clk 0:00:56]} Rc8
{[%clk 0:03:49]} 41. Rh6 {[%clk 0:30:44]} Rc2+ {[%clk 0:33:45]} 42. Kg1
{[%clk 0:30:32]} Rxb2 {[%clk 0:36:16]} 43. Nh4+ {[%clk 0:31:25]} Kd7
{[%clk 0:36:11]} 44. Nxf5 {[%clk 0:31:39]} Bc5 {[%clk 0:35:56]} 45. Rxh5
{[%clk 0:29:37]} gxf4 {[%clk 0:33:34]} 46. Nd4 {[%clk 0:26:24]} Be4
{[%clk 0:30:30]} 47. Re5 {[%clk 0:25:49]} Bxd4 {[%clk 0:27:35]} 48. exd4
{[%clk 0:26:14]} Bc6 {[%clk 0:27:05]} 49. gxf4 {[%clk 0:26:18]} Rb4
{[%clk 0:26:20]} 50. d5 {[%clk 0:26:33]} Bxa4 {[%clk 0:26:14]} 51. Rf5
{[%clk 0:24:30]} Kd6 {[%clk 0:26:04]} 52. Kf2 {[%clk 0:24:46]} Rb3
{[%clk 0:26:27]} 53. Rh5 {[%clk 0:24:44]} Be8 {[%clk 0:26:29]} 54. Rh8
{[%clk 0:23:48]} Bd7 {[%clk 0:25:58]} 55. Rh5 {[%clk 0:24:04]} a5
{[%clk 0:25:42]} 56. Re5 {[%clk 0:22:24]} a4 {[%clk 0:25:57]} 57. Re2
{[%clk 0:22:40]} a3 {[%clk 0:25:59]} 0-1

[Event "WCO 2016"]
[Site "?"]
[Date "2016.09.13"]
[Round "11"]
[Board "16"]
[WhiteID "9200339"]
[White "Mahdia Farage"]
[BlackID "15700070"]
[Black "Fekadu Desalegn Jimma"]
[Result "0-1"]
[BlackElo "2104"]
[WhiteElo "2023"]
[LiveChessVersion "1.4.8"]

1. e4 {[%clk 1:30:45]} c5 {[%clk 1:30:53]} 2. Nf3 {[%clk 1:31:05]} d6
{[%clk 1:31:16]} 3. d4 {[%clk 1:31:22]} cxd4 {[%clk 1:31:38]} 4. Nxd4
{[%clk 1:31:45]} Nf6 {[%clk 1:32:01]} 5. Nc3 {[%clk 1:31:51]} a6 {[%clk 1:32:22]}
6. Bg5 {[%clk 1:31:20]} e6 {[%clk 1:32:34]} 7. f4 {[%clk 1:31:20]} Nbd7
{[%clk 1:32:43]} 8. Qf3 {[%clk 1:28:12]} Qc7 {[%clk 1:28:31]} 9. Bxf6
{[%clk 1:23:34]} Nxf6 {[%clk 1:28:39]} 10. O-O-O {[%clk 1:22:50]} b5
{[%clk 1:24:03]} 11. a3 {[%clk 1:22:12]} Bb7 {[%clk 1:24:20]} 12. g4
{[%clk 1:21:10]} Be7 {[%clk 1:22:51]} 13. g5 {[%clk 1:21:11]} Nd7
{[%clk 1:23:02]} 14. h4 {[%clk 1:20:15]} O-O-O {[%clk 1:15:45]} 15. Rh3
{[%clk 1:14:20]} Kb8 {[%clk 1:15:38]} 16. Bg2 {[%clk 1:10:35]} g6
{[%clk 1:12:28]} 17. Qe3 {[%clk 1:05:54]} Qc5 {[%clk 1:10:00]} 18. Nb3
{[%clk 1:02:57]} Qxe3+ {[%clk 1:09:30]} 19. Rxe3 {[%clk 1:03:20]} h6
{[%clk 1:09:26]} 20. Na5 {[%clk 1:01:50]} Ba8 {[%clk 1:09:14]} 21. Re2
{[%clk 0:59:05]} hxg5 {[%clk 1:08:32]} 22. hxg5 {[%clk 0:59:27]} Nb6
{[%clk 1:03:27]} 23. Kb1 {[%clk 0:52:22]} Rh4 {[%clk 1:02:41]} 24. Rf1
{[%clk 0:51:29]} Rc8 {[%clk 1:01:45]} 25. Rff2 {[%clk 0:48:47]} Nc4
{[%clk 1:00:34]} 26. Nxc4 {[%clk 0:47:39]} Rxc4 {[%clk 1:00:51]} 27. Rd2
{[%clk 0:42:38]} Kc7 {[%clk 0:59:09]} 28. Bf1 {[%clk 0:40:43]} Rxc3
{[%clk 0:47:56]} 29. bxc3 {[%clk 0:40:30]} Bxe4 {[%clk 0:48:16]} 30. c4
{[%clk 0:35:17]} bxc4 {[%clk 0:47:11]} 31. Bxc4 {[%clk 0:35:37]} d5
{[%clk 0:47:34]} 32. Bd3 {[%clk 0:34:02]} Bxa3 {[%clk 0:47:10]} 33. Bxe4
{[%clk 0:30:49]} dxe4 {[%clk 0:47:30]} 34. Rde2 {[%clk 0:29:47]} Rh1+
{[%clk 0:41:26]} 35. Ka2 {[%clk 0:29:45]} Bc5 {[%clk 0:41:40]} 36. Rg2
{[%clk 0:21:45]} e3 {[%clk 0:41:51]} 37. Kb3 {[%clk 0:19:38]} Rh4
{[%clk 0:40:37]} 38. f5 {[%clk 0:14:39]} gxf5 {[%clk 0:36:58]} 39. g6
{[%clk 0:14:15]} fxg6 {[%clk 0:37:18]} 40. Rxg6 {[%clk 0:44:16]} Kd6
{[%clk 1:07:30]} 41. c4 {[%clk 0:42:07]} f4 {[%clk 1:07:20]} 42. Rf6
{[%clk 0:41:42]} Ke5 {[%clk 1:07:38]} 43. Rf7 {[%clk 0:41:52]} Ke4
{[%clk 1:07:56]} 0-1

[Event "WCO 2016"]
[Site "?"]
[Date "2016.09.13"]
[Round "11"]
[Board "17"]
[WhiteID "6351921"]
[White "Saraci Nderim"]
[BlackID "7300662"]
[Black "Cu Hor Winston Darwin"]
[Result "1/2-1/2"]
[BlackElo "2318"]
[WhiteElo "2337"]
[LiveChessVersion "1.4.8"]

1. Nf3 {[%clk 1:30:51]} Nf6 {[%clk 1:30:15]} 2. c4 {[%clk 1:30:40]} c5
{[%clk 1:30:37]} 3. g3 {[%clk 1:30:33]} b6 {[%clk 1:30:45]} 4. Bg2
{[%clk 1:30:31]} Bb7 {[%clk 1:31:08]} 5. Nc3 {[%clk 1:30:30]} d6 {[%clk 1:31:06]}
6. O-O {[%clk 1:30:36]} Nbd7 {[%clk 1:31:02]} 7. d4 {[%clk 1:29:23]} cxd4
{[%clk 1:31:16]} 8. Qxd4 {[%clk 1:26:18]} g6 {[%clk 1:31:21]} 9. b3
{[%clk 1:24:10]} Bg7 {[%clk 1:31:43]} 10. Bb2 {[%clk 1:24:30]} O-O
{[%clk 1:32:06]} 11. Nd5 {[%clk 1:17:48]} e5 {[%clk 1:25:17]} 12. Nxf6+
{[%clk 1:06:42]} Qxf6 {[%clk 1:25:34]} 13. Qe3 {[%clk 1:05:54]} Rad8
{[%clk 1:21:47]} 14. Rad1 {[%clk 0:55:39]} Nc5 {[%clk 1:14:35]} 15. b4
{[%clk 0:23:28]} Ne6 {[%clk 1:06:08]} 16. Qa3 {[%clk 0:23:14]} Qe7
{[%clk 0:54:16]} 17. Qxa7 {[%clk 0:20:22]} Ra8 {[%clk 0:52:06]} 18. Qxb6
{[%clk 0:20:36]} Rxa2 {[%clk 0:52:21]} 19. Bc3 {[%clk 0:19:06]} Rc8
{[%clk 0:50:30]} 20. Nd2 {[%clk 0:11:31]} Bxg2 {[%clk 0:49:00]} 21. Kxg2
{[%clk 0:10:09]} Nd4 {[%clk 0:45:01]} 22. Bxd4 {[%clk 0:09:25]} exd4
{[%clk 0:45:19]} 23. Rfe1 {[%clk 0:09:26]} Qc7 {[%clk 0:37:15]} 24. Qxc7
{[%clk 0:08:32]} Rxc7 {[%clk 0:36:51]} 25. b5 {[%clk 0:06:45]} Rb2
{[%clk 0:36:43]} 26. e3 {[%clk 0:05:17]} d3 {[%clk 0:37:01]} 27. Rf1
{[%clk 0:03:39]} Bc3 {[%clk 0:35:51]} 28. Ne4 {[%clk 0:03:59]} Rxc4
{[%clk 0:35:45]} 29. Nxd6 {[%clk 0:04:11]} Ra4 {[%clk 0:34:45]} 30. Rxd3
{[%clk 0:03:17]} Be5 {[%clk 0:34:46]} 31. Rd5 {[%clk 0:02:22]} Bxd6
{[%clk 0:34:52]} 32. Rxd6 {[%clk 0:02:38]} Rxb5 {[%clk 0:35:16]} 33. Rc1
{[%clk 0:02:40]} Ra2 {[%clk 0:35:10]} 34. Rf6 {[%clk 0:02:52]} Kg7
{[%clk 0:34:51]} 35. Rf4 {[%clk 0:03:00]} Rb7 {[%clk 0:33:50]} 36. Rcc4
{[%clk 0:03:15]} h5 {[%clk 0:33:58]} 37. Rb4 {[%clk 0:03:24]} Re7
{[%clk 0:34:14]} 38. Ra4 {[%clk 0:03:18]} Rb2 {[%clk 0:34:36]} 39. Kf3
{[%clk 0:02:58]} Rc7 {[%clk 0:34:08]} 40. Rfb4 {[%clk 0:32:00]} Rd2
{[%clk 1:03:28]} 41. Rd4 {[%clk 0:27:44]} Rb2 {[%clk 1:03:53]} 42. Rd1
{[%clk 0:27:02]} Rcc2 {[%clk 1:04:15]} 43. Rf1 {[%clk 0:27:13]} Rd2
{[%clk 1:04:37]} 44. h3 {[%clk 0:26:42]} Rdc2 {[%clk 1:04:28]} 45. g4
{[%clk 0:26:49]} hxg4+ {[%clk 1:04:31]} 46. hxg4 {[%clk 0:27:12]} Rd2
{[%clk 1:04:10]} 47. g5 {[%clk 0:26:40]} Rdc2 {[%clk 1:03:33]} 48. Rh4
{[%clk 0:26:23]} Ra2 {[%clk 1:03:05]} 49. Kg3 {[%clk 0:25:11]} Re2
{[%clk 1:03:21]} 50. Re4 {[%clk 0:22:28]} Reb2 {[%clk 1:01:48]} 51. Re8
{[%clk 0:22:37]} Rc2 {[%clk 0:59:05]} 52. f4 {[%clk 0:21:03]} Rh2
{[%clk 0:58:42]} 53. Rb1 {[%clk 0:20:18]} Raf2 {[%clk 0:55:35]} 54. Rg1
{[%clk 0:20:11]} Ra2 {[%clk 0:55:02]} 55. Rd8 {[%clk 0:18:08]} Raf2
{[%clk 0:54:41]} 56. Kg4 {[%clk 0:18:03]} Ra2 {[%clk 0:52:49]} 57. Kf3
{[%clk 0:18:11]} Rhf2+ {[%clk 0:53:11]} 58. Ke4 {[%clk 0:18:31]} Ra4+
{[%clk 0:53:29]} 59. Rd4 {[%clk 0:18:55]} Ra3 {[%clk 0:53:20]} 60. Rgd1
{[%clk 0:18:34]} Rh2 {[%clk 0:53:13]} 61. R1d3 {[%clk 0:17:34]} Ra6
{[%clk 0:53:25]} 62. Rd6 {[%clk 0:16:24]} Ra4+ {[%clk 0:53:42]} 63. R3d4
{[%clk 0:16:23]} Ra3 {[%clk 0:53:25]} 64. Rb4 {[%clk 0:15:34]} Rh3
{[%clk 0:53:08]} 65. Rd3 {[%clk 0:15:57]} Ra6 {[%clk 0:53:33]} 66. Rb5
{[%clk 0:14:16]} Ra4+ {[%clk 0:53:45]} 67. Ke5 {[%clk 0:14:30]} Rh8
{[%clk 0:53:48]} 68. Rd4 {[%clk 0:07:09]} Re8+ {[%clk 0:51:46]} 69. Kd5
{[%clk 0:07:28]} Ra3 {[%clk 0:51:10]} 70. Re4 {[%clk 0:04:56]} Rxe3
{[%clk 0:51:26]} 71. Rxe3 {[%clk 0:05:08]} Rxe3 {[%clk 0:51:51]} 72. Rb8
{[%clk 0:05:22]} Re1 {[%clk 0:52:10]} 73. Ra8 {[%clk 0:05:46]} Re2
{[%clk 0:52:33]} 1/2-1/2

[Event "WCO 2016"]
[Site "?"]
[Date "2016.09.13"]
[Round "11"]
[Board "18"]
[WhiteID "7300018"]
[White "Juarez Flores Carlos A."]
[BlackID "908630"]
[Black "Makolli Perparim"]
[Result "0-1"]
[BlackElo "2289"]
[WhiteElo "2392"]
[LiveChessVersion "1.4.8"]

1. e4 {[%clk 1:30:56]} c5 {[%clk 1:30:26]} 2. Nf3 {[%clk 1:31:18]} e6
{[%clk 1:30:17]} 3. d4 {[%clk 1:31:42]} cxd4 {[%clk 1:30:42]} 4. Nxd4
{[%clk 1:32:08]} Nc6 {[%clk 1:26:22]} 5. Nb5 {[%clk 1:32:03]} d6 {[%clk 1:25:59]}
6. c4 {[%clk 1:32:24]} Nf6 {[%clk 1:25:38]} 7. N1c3 {[%clk 1:32:49]} a6
{[%clk 1:26:01]} 8. Na3 {[%clk 1:33:16]} Be7 {[%clk 1:24:32]} 9. Be2
{[%clk 1:33:42]} O-O {[%clk 1:24:16]} 10. O-O {[%clk 1:34:06]} Qc7
{[%clk 1:24:25]} 11. Be3 {[%clk 1:34:26]} b6 {[%clk 1:22:56]} 12. Rc1
{[%clk 1:34:14]} Ne5 {[%clk 1:21:02]} 13. f4 {[%clk 1:30:54]} Ng6
{[%clk 1:20:02]} 14. g3 {[%clk 1:24:50]} Bb7 {[%clk 1:17:23]} 15. Bf3
{[%clk 1:25:15]} Nd7 {[%clk 1:13:19]} 16. Qd2 {[%clk 1:24:31]} Rac8
{[%clk 1:12:34]} 17. h4 {[%clk 1:21:42]} Rfe8 {[%clk 1:07:50]} 18. h5
{[%clk 1:19:39]} Ngf8 {[%clk 1:08:13]} 19. Qf2 {[%clk 1:18:56]} Bd8
{[%clk 0:58:41]} 20. Rcd1 {[%clk 1:03:33]} Qb8 {[%clk 0:57:34]} 21. Rd2
{[%clk 0:58:40]} Bc6 {[%clk 0:54:03]} 22. Nc2 {[%clk 0:55:38]} Ba8
{[%clk 0:48:34]} 23. Rfd1 {[%clk 0:54:18]} Be7 {[%clk 0:47:44]} 24. Na3
{[%clk 0:42:19]} Bc6 {[%clk 0:41:34]} 25. e5 {[%clk 0:38:01]} Bxf3
{[%clk 0:37:06]} 26. Qxf3 {[%clk 0:38:28]} d5 {[%clk 0:34:01]} 27. Ncb1
{[%clk 0:34:49]} Bb4 {[%clk 0:32:06]} 28. Rc2 {[%clk 0:29:09]} dxc4
{[%clk 0:28:36]} 29. Rxc4 {[%clk 0:29:36]} Bxa3 {[%clk 0:24:48]} 30. Nxa3
{[%clk 0:29:24]} b5 {[%clk 0:21:44]} 31. Rxc8 {[%clk 0:27:42]} Rxc8
{[%clk 0:22:01]} 32. Nb1 {[%clk 0:28:05]} Rc2 {[%clk 0:17:57]} 33. Bd4
{[%clk 0:27:47]} Rc4 {[%clk 0:13:22]} 34. Nc3 {[%clk 0:25:46]} Nb6
{[%clk 0:11:59]} 35. Ne4 {[%clk 0:24:13]} Qc7 {[%clk 0:10:07]} 36. h6
{[%clk 0:16:06]} g6 {[%clk 0:05:13]} 37. Nf6+ {[%clk 0:16:15]} Kh8
{[%clk 0:05:41]} 38. Ne8 {[%clk 0:16:36]} Qb8 {[%clk 0:04:55]} 39. Nd6
{[%clk 0:16:27]} Rc7 {[%clk 0:05:19]} 40. f5 {[%clk 0:44:34]} gxf5
{[%clk 0:33:35]} 41. g4 {[%clk 0:41:10]} f4 {[%clk 0:31:23]} 42. Qxf4
{[%clk 0:36:30]} Nd5 {[%clk 0:31:43]} 43. Nxf7+ {[%clk 0:33:03]} Kg8
{[%clk 0:30:27]} 44. Qg5+ {[%clk 0:33:31]} Ng6 {[%clk 0:29:17]} 45. Nd8
{[%clk 0:33:54]} Qc8 {[%clk 0:27:42]} 46. Rf1 {[%clk 0:32:52]} Re7
{[%clk 0:26:01]} 47. Nxe6 {[%clk 0:15:48]} Qxe6 {[%clk 0:24:06]} 48. Bc5
{[%clk 0:15:48]} Re8 {[%clk 0:21:41]} 49. Bd6 {[%clk 0:16:15]} Qd7
{[%clk 0:18:32]} 50. Kh2 {[%clk 0:15:18]} Qd8 {[%clk 0:16:04]} 51. Qxd8
{[%clk 0:09:27]} Rxd8 {[%clk 0:16:27]} 52. Rc1 {[%clk 0:07:59]} Ne3
{[%clk 0:14:45]} 53. Rc6 {[%clk 0:03:56]} Nxg4+ {[%clk 0:13:39]} 54. Kg3
{[%clk 0:04:17]} N4xe5 {[%clk 0:13:47]} 55. Rxa6 {[%clk 0:04:45]} Nf7
{[%clk 0:12:06]} 56. Bc5 {[%clk 0:04:41]} Nxh6 {[%clk 0:10:04]} 57. Rb6
{[%clk 0:05:05]} Nf5+ {[%clk 0:10:13]} 58. Kg4 {[%clk 0:04:50]} Nd4
{[%clk 0:10:28]} 59. b4 {[%clk 0:04:29]} Rd5 {[%clk 0:09:16]} 60. Rb8+
{[%clk 0:02:33]} Kg7 {[%clk 0:09:12]} 61. Rb7+ {[%clk 0:02:46]} Kh6
{[%clk 0:08:29]} 62. Kg3 {[%clk 0:03:01]} Nf5+ {[%clk 0:06:30]} 63. Kg4
{[%clk 0:03:06]} Nd4 {[%clk 0:06:36]} 64. Kg3 {[%clk 0:03:35]} Rg5+
{[%clk 0:04:36]} 65. Kf2 {[%clk 0:03:45]} Rg4 {[%clk 0:04:46]} 66. Ke3
{[%clk 0:01:31]} Nf5+ {[%clk 0:04:58]} 67. Kf2 {[%clk 0:01:34]} Nd4
{[%clk 0:04:18]} 68. Ke3 {[%clk 0:01:51]} Nc2+ {[%clk 0:03:59]} 69. Kd2
{[%clk 0:01:46]} Nxb4 {[%clk 0:03:28]} 70. Be3+ {[%clk 0:02:14]} Nf4
{[%clk 0:03:51]} 71. Rxb5 {[%clk 0:02:00]} Rg2+ {[%clk 0:03:29]} 72. Kc3
{[%clk 0:01:13]} Rg3 {[%clk 0:03:11]} 73. Kd2 {[%clk 0:01:16]} Nbd5
{[%clk 0:03:03]} 74. Bc5 {[%clk 0:00:32]} Rg2+ {[%clk 0:03:19]} 75. Ke1
{[%clk 0:00:37]} Rxa2 {[%clk 0:03:32]} 76. Rb7 {[%clk 0:01:00]} Nd3+
{[%clk 0:03:45]} 0-1